000 00723nam a2200277Ia 4500
005 20260324111917.0
008 008 260324s9999 xx 000 0 eng d
020 _a9781003204763
037 _aEBOOK
040 _aCRL
040 _beng
040 _cCRL
041 _2eng
041 _aeng
084 _qCRL
100 _aAnita Kurimay; Kateřina Lišková; Agnieszka Kościańska; Hadley Z. Renkin
_91140516
245 4 _aThe Routledge Handbook of Sexuality in East Central Europe
260 _bTaylor and Francis
260 _c2025
365 _a
365 _b360
856 _uhttp://www.taylorfrancis.com/books/9781003204763
942 _cEBOOK
999 _c1729506
_d1729506